[Event "Agneaux St Lo U16 op 17th"]
[Site "Agneaux"]
[Date "2015.07.06"]
[Round "3"]
[White "Venard, Gautier"]
[Black "Dodart, Marion"]
[Result "1-0"]
[WhiteElo "1659"]
[BlackElo "1422"]
[PlyCount "61"]
[EventDate "2015.07.03"]
[EventType "swiss"]
[EventRounds "9"]
[EventCountry "FRA"]
[SourceTitle "EXT 2016"]
[Source "ChessBase"]
[SourceDate "2015.10.08"]
[SourceVersion "1"]
[SourceVersionDate "2015.10.08"]
[SourceQuality "1"]

1. d4 Nf6 2. c4 c5 3. e3 b6 4. Nc3 g6 5. Nf3 Bg7 6. Bd3 0-0 7. 0-0 Bb7 8. d5 d6 9. e4 Nbd7 10. Bf4 Ng4 11. Qd2 Nde5 12. Be2 Ba6 13. b3 e6 14. Rac1 Nxf3+ 15. Bxf3 Ne5 16. Be2 Bc8 17. Bh6 exd5 18. Bxg7 Kxg7 19. Nxd5 Qh4 20. f4 Nc6 21. Nc7 Rb8 22. Qxd6 Nd4 23. Bf3 Bg4 24. Bxg4 Qxg4 25. Rcd1 Rbd8 26. Qe5+ f6 27. Qe7+ Kg8 28. Rxd4 Rxd4 29. Ne6 Rf7 30. Qe8+ Rf8 31. Qxf8# 1-0

[Event "FRA-ch U12"]
[Site "Pau"]
[Date "2015.04.28"]
[Round "4"]
[White "Venard, Gautier"]
[Black "Harutyunyan, Ruben"]
[Result "0-1"]
[WhiteElo "1679"]
[BlackElo "2019"]
[PlyCount "102"]
[EventDate "2015.04.26"]
[EventType "swiss"]
[EventRounds "9"]
[EventCountry "FRA"]
[SourceTitle "CBM 166 Extra"]
[Source "ChessBase"]
[SourceDate "2015.06.18"]
[SourceVersion "1"]
[SourceVersionDate "2015.06.18"]
[SourceQuality "1"]

1. d4 Nf6 2. c4 e6 3. Nc3 Bb4 4. e3 b6 5. Nge2 Bb7 6. a3 Be7 7. Nf4 d6 8. Be2 Nbd7 9. 0-0 0-0 10. b4 c5 11. Bb2 cxd4 12. exd4 Rc8 13. Re1 Ba6 14. b5 Bb7 15. Bd3 Qc7 16. Qd2 Rfe8 17. Rac1 Qb8 18. Na2 e5 19. Ne2 e4 20. Bb1 d5 21. cxd5 Bd6 22. Ng3 Rxc1 23. Rxc1 Bf4 24. Qd1 Bxc1 25. Bxc1 Bxd5 26. Nb4 Qb7 27. Nf5 Qc7 28. Ne3 Bb3 29. Bc2 Bxc2 30. Qxc2 Qxc2 31. Nexc2 Rc8 32. Nc6 Nd5 33. Ne3 N7f6 34. h4 Rc7 35. Bd2 Ne7 36. Nxe7+ Rxe7 37. Bc3 Rd7 38. Kh2 Nd5 39. Nxd5 Rxd5 40. Kg3 Rxb5 41. Kf4 f5 42. Bb4 Rd5 43. Bc3 Kf7 44. f3 exf3 45. Kxf3 Ke6 46. Kf4 Rb5 47. d5+ Rxd5 48. Bxg7 Rd3 49. Bf8 Rd4+ 50. Kg5 Rg4+ 51. Kh5 Rxg2 0-1

[Event "FRA-chT U16"]
[Site "Dieppe"]
[Date "2015.??.??"]
[Round "?"]
[White "Venard, Gautier"]
[Black "Hue, Victor"]
[Result "1-0"]
[WhiteElo "1713"]
[BlackElo "1878"]
[PlyCount "20"]
[EventDate "2015.05.??"]
[EventType "team-tourn"]
[EventRounds "6"]
[EventCountry "FRA"]
[SourceTitle "EXT 2016"]
[Source "ChessBase"]
[SourceDate "2015.10.08"]
[SourceVersion "1"]
[SourceVersionDate "2015.10.08"]
[SourceQuality "1"]

1. d4 d5 2. c4 c6 3. Nf3 Nf6 4. Nc3 e6 5. cxd5 exd5 6. Qc2 Bb4 7. Bg5 Nbd7 8. e3 0-0 9. Bd3 Qa5 10. 0-0 Re8 1-0

[Event "FRA-ch op-D"]
[Site "Nancy"]
[Date "2013.08.21"]
[Round "9"]
[White "Ellis, Antoine"]
[Black "Venard, Gautier"]
[Result "0-1"]
[WhiteElo "1290"]
[BlackElo "1381"]
[PlyCount "64"]
[EventDate "2013.08.11"]
[EventType "swiss"]
[EventRounds "11"]
[EventCountry "FRA"]
[SourceTitle "CBM 156 Extra"]
[Source "ChessBase"]
[SourceDate "2013.10.22"]
[SourceVersion "1"]
[SourceVersionDate "2013.10.22"]
[SourceQuality "1"]

1. d4 d5 2. f4 Bf5 3. Nf3 Nc6 4. e3 e6 5. Bd3 Bg6 6. 0-0 Bd6 7. c3 Nf6 8. Ne5 0-0 9. Nd2 Nxe5 10. fxe5 Bxd3 11. Rf3 Bxe5 12. dxe5 Nd7 13. Rg3 Nxe5 14. Qh5 Qf6 15. Nf3 Nxf3+ 16. Rxf3 Be2 17. Rxf6 Bxh5 18. Rf4 g5 19. Rb4 b6 20. g4 Bg6 21. b3 h6 22. Bb2 f5 23. Kh1 fxg4 24. Rxg4 Rf3 25. Re1 Be4 26. Kg1 Raf8 27. c4 Rf2 28. Be5 c6 29. a3 Ra2 30. Bf4 Kh7 31. Bd6 Rff2 32. Rf1 Rg2+ 0-1

[Event "FRA-ch op-D"]
[Site "Nancy"]
[Date "2013.08.19"]
[Round "7"]
[White "Kneib, Bernard"]
[Black "Venard, Gautier"]
[Result "1-0"]
[WhiteElo "1486"]
[BlackElo "1381"]
[PlyCount "115"]
[EventDate "2013.08.11"]
[EventType "swiss"]
[EventRounds "11"]
[EventCountry "FRA"]
[SourceTitle "CBM 156 Extra"]
[Source "ChessBase"]
[SourceDate "2013.10.22"]
[SourceVersion "1"]
[SourceVersionDate "2013.10.22"]
[SourceQuality "1"]

1. e4 e6 2. d3 d5 3. Nd2 c5 4. Ngf3 Nc6 5. g3 Nf6 6. Bg2 Be7 7. Qe2 0-0 8. 0-0 b6 9. Re1 Re8 10. e5 Nd7 11. c3 f6 12. exf6 Bxf6 13. Nf1 Nf8 14. h4 h6 15. N1h2 e5 16. Nd2 Ba6 17. Ng4 e4 18. Nxf6+ Qxf6 19. Qh5 Re5 20. Qg4 Bxd3 21. f4 exf3 22. Nxf3 Rxe1+ 23. Nxe1 Bc4 24. Nf3 Be2 25. Bf4 Rd8 26. Re1 Bxf3 27. Bxf3 Qg6 28. Kf2 Qxg4 29. Bxg4 Ng6 30. Bc7 Rf8+ 31. Kg2 d4 32. Re6 dxc3 33. bxc3 Rf6 34. Re8+ Kf7 35. Re3 Na5 36. Re4 Rc6 37. Bb8 a6 38. h5 Nf8 39. Rf4+ Kg8 40. Re4 Kf7 41. Rf4+ Kg8 42. Bf3 Rc8 43. Bd5+ Kh8 44. Bd6 Nd7 45. Rf7 Nf6 46. Bf3 Nc4 47. Bf4 Kg8 48. Re7 Rd8 49. Be2 Na5 50. Bxa6 Nxh5 51. Be3 Nf6 52. c4 Ng4 53. Bf4 Rd4 54. Bc8 Nf6 55. Be6+ Kh8 56. Kh3 Nxc4 57. Rb7 Re4 58. Rb8+ 1-0

[Event "FRA-ch op-D"]
[Site "Nancy"]
[Date "2013.08.18"]
[Round "6"]
[White "Venard, Gautier"]
[Black "Fornes, Paul"]
[Result "1-0"]
[WhiteElo "1381"]
[BlackElo "1443"]
[PlyCount "49"]
[EventDate "2013.08.11"]
[EventType "swiss"]
[EventRounds "11"]
[EventCountry "FRA"]
[SourceTitle "CBM 156 Extra"]
[Source "ChessBase"]
[SourceDate "2013.10.22"]
[SourceVersion "1"]
[SourceVersionDate "2013.10.22"]
[SourceQuality "1"]

1. e4 Nf6 2. Nc3 d5 3. e5 Ne4 4. Nce2 f6 5. d3 Ng5 6. Bxg5 fxg5 7. d4 Bf5 8. Ng3 Bg6 9. Nf3 e6 10. Bd3 Bxd3 11. Qxd3 g4 12. Nd2 Nc6 13. c3 a6 14. 0-0-0 Na5 15. f4 g6 16. h4 Bh6 17. h5 Kf7 18. hxg6+ hxg6 19. Rdf1 Kg7 20. Qe2 Qd7 21. Qxg4 Kf7 22. f5 exf5 23. Nxf5 gxf5 24. Rxf5+ Ke7 25. Rf7+ 1-0

[Event "FRA-chT U20 16 GP Haute 1213"]
[Site "France"]
[Date "2013.05.20"]
[Round "11"]
[White "Guerin, Tristan"]
[Black "Venard, Gautier"]
[Result "0-1"]
[WhiteElo "1280"]
[BlackElo "1430"]
[PlyCount "69"]
[EventDate "2012.12.01"]
[EventType "team"]
[EventRounds "11"]
[EventCountry "FRA"]
[SourceTitle "EXT 2014"]
[Source "ChessBase"]
[SourceDate "2013.11.20"]
[SourceVersion "1"]
[SourceVersionDate "2013.11.20"]
[SourceQuality "1"]
[WhiteTeam "Creteil (U20)"]
[BlackTeam "Nancy (U20)"]
[WhiteTeamCountry "FRA"]
[BlackTeamCountry "FRA"]

1. e4 e6 2. d4 d5 3. Nd2 c5 4. Ngf3 Nc6 5. c3 Bd6 6. e5 Be7 7. Bd3 Qb6 8. Nf1 cxd4 9. cxd4 Bd7 10. Bc2 Nb4 11. Ne3 Bb5 12. a4 Ba6 13. a5 Qc6 14. Ba4 Bb5 15. Qb3 a6 16. Bd2 Nd3+ 17. Qxd3 Bxd3 18. Bxc6+ bxc6 19. Rc1 Bb5 20. Nd1 Kd7 21. Nc3 Rb8 22. Nxb5 Rxb5 23. Bc3 Nh6 24. h3 Rhb8 25. Ke2 Ng8 26. Rc2 h6 27. Rb1 Rc8 28. Ne1 Bb4 29. Bxb4 Rxb4 30. Nd3 Rxd4 31. b3 Ne7 32. Nc5+ Kd8 33. Nxa6 Re4+ 34. Kd3 Rxe5 35. b4 0-1

[Event "FRA-chT U20 16 GP Haute 1213"]
[Site "France"]
[Date "2013.05.19"]
[Round "9"]
[White "Beneteau Desmoulieres, Elian"]
[Black "Venard, Gautier"]
[Result "0-1"]
[WhiteElo "1200"]
[BlackElo "1430"]
[PlyCount "82"]
[EventDate "2012.12.01"]
[EventType "team"]
[EventRounds "11"]
[EventCountry "FRA"]
[SourceTitle "EXT 2014"]
[Source "ChessBase"]
[SourceDate "2013.11.20"]
[SourceVersion "1"]
[SourceVersionDate "2013.11.20"]
[SourceQuality "1"]
[WhiteTeam "Agneaux Saint Lo (U20)"]
[BlackTeam "Nancy (U20)"]
[WhiteTeamCountry "FRA"]
[BlackTeamCountry "FRA"]

1. e4 e6 2. d4 d5 3. Nd2 c5 4. exd5 exd5 5. Ne2 Nc6 6. Nf3 Bd6 7. dxc5 Bxc5 8. Ned4 Nge7 9. Bb5 0-0 10. 0-0 Bg4 11. Nb3 Bb6 12. c3 Ne5 13. Be2 Nxf3+ 14. Bxf3 Bxf3 15. Qxf3 Rc8 16. Rd1 Rc6 17. Qh5 Qd6 18. Bg5 Ng6 19. Rd2 h6 20. Bxh6 gxh6 21. Rxd5 Qf4 22. Rf5 Qh4 23. Qxh4 Nxh4 24. Rh5 Ng6 25. Rxh6 Kg7 26. Rh3 Rf6 27. Nd4 Bxd4 28. cxd4 Rd8 29. Rd3 Rfd6 30. Rad1 Nf4 31. R3d2 Ne6 32. d5 Nc7 33. Kf1 Rxd5 34. Rxd5 Nxd5 35. Ke2 Nf4+ 36. Ke1 Nxg2+ 37. Ke2 Nf4+ 38. Ke1 Re8+ 39. Kf1 Rc8 40. Rd7 Rc1+ 41. Rd1 Rxd1# 0-1

[Event "FRA-chT U20 GpA 1213"]
[Site "France"]
[Date "2013.01.05"]
[Round "6"]
[White "Poulet, Benoit"]
[Black "Venard, Gautier"]
[Result "0-1"]
[WhiteElo "1413"]
[BlackElo "1430"]
[PlyCount "52"]
[EventDate "2012.12.01"]
[EventType "team"]
[EventRounds "7"]
[EventCountry "FRA"]
[SourceTitle "EXT 2014"]
[Source "ChessBase"]
[SourceDate "2013.11.20"]
[SourceVersion "1"]
[SourceVersionDate "2013.11.20"]
[SourceQuality "1"]
[WhiteTeam "Sainte Foy (U20)"]
[BlackTeam "Nancy (U20)"]
[WhiteTeamCountry "FRA"]
[BlackTeamCountry "FRA"]

1. d4 d5 2. c4 e5 3. dxe5 d4 4. Nf3 Nc6 5. Nbd2 Bg4 6. h3 Bh5 7. g4 Bg6 8. Nb3 Be4 9. Bg2 Bxf3 10. Bxf3 Qd7 11. Bf4 0-0-0 12. 0-0 h5 13. Rc1 Nh6 14. Bg5 Be7 15. Bxe7 Qxe7 16. Bxc6 bxc6 17. Nxd4 Qc5 18. e3 hxg4 19. hxg4 Ng8 20. Qf3 Qxe5 21. Qf5+ Qxf5 22. Nxf5 g6 23. Nd4 Ne7 24. b4 Rh4 25. g5 Rg4+ 26. Kh2 Rh8# 0-1

[Event "FRA-chT U20 GpA 1213"]
[Site "France"]
[Date "2013.01.04"]
[Round "4"]
[White "Huang, Kelu"]
[Black "Venard, Gautier"]
[Result "0-1"]
[WhiteElo "1340"]
[BlackElo "1430"]
[PlyCount "34"]
[EventDate "2012.12.01"]
[EventType "team"]
[EventRounds "7"]
[EventCountry "FRA"]
[SourceTitle "EXT 2014"]
[Source "ChessBase"]
[SourceDate "2013.11.20"]
[SourceVersion "1"]
[SourceVersionDate "2013.11.20"]
[SourceQuality "1"]
[WhiteTeam "Grenoble (U20)"]
[BlackTeam "Nancy (U20)"]
[WhiteTeamCountry "FRA"]
[BlackTeamCountry "FRA"]

1. e4 e6 2. d4 d5 3. e5 c5 4. Nf3 Nc6 5. Nc3 Qb6 6. Ne2 Nh6 7. Bxh6 gxh6 8. Qc1 cxd4 9. b3 Bg7 10. Qf4 Qc5 11. 0-0-0 Bd7 12. Nexd4 Rc8 13. Qd2 Nxd4 14. Nxd4 Bxe5 15. g3 Bxd4 16. Bg2 Qa3+ 17. Kb1 Qb2# 0-1

[Event "FRA-chT U20 GpA 1213"]
[Site "France"]
[Date "2012.12.02"]
[Round "3"]
[White "De Talance, Berenice"]
[Black "Venard, Gautier"]
[Result "1-0"]
[WhiteElo "1501"]
[BlackElo "1430"]
[PlyCount "45"]
[EventDate "2012.12.01"]
[EventType "team"]
[EventRounds "7"]
[EventCountry "FRA"]
[SourceTitle "EXT 2014"]
[Source "ChessBase"]
[SourceDate "2013.11.20"]
[SourceVersion "1"]
[SourceVersionDate "2013.11.20"]
[SourceQuality "1"]
[WhiteTeam "Vandoeuvre U20"]
[BlackTeam "Nancy (U20)"]
[WhiteTeamCountry "FRA"]
[BlackTeamCountry "FRA"]

1. e4 e6 2. d4 d5 3. e5 c5 4. c3 Qb6 5. Nf3 Nc6 6. Bd3 cxd4 7. cxd4 Bd7 8. 0-0 Nxd4 9. Nxd4 Qxd4 10. Nc3 Qxe5 11. Re1 Qb8 12. Nxd5 Bd6 13. Qf3 Kf8 14. Nf4 Nf6 15. h3 g5 16. Ne2 Ke7 17. Bxg5 Be5 18. Nc3 Rg8 19. Ne4 Bc6 20. Bxf6+ Bxf6 21. Qxf6+ Kf8 22. Ng5 Qe8 23. Nxh7# 1-0

[Event "FRA-chT U20"]
[Site "France"]
[Date "2012.05.26"]
[Round "8"]
[White "Venard, Gautier"]
[Black "Makaruk, Andriy"]
[Result "1-0"]
[WhiteElo "1390"]
[BlackElo "1290"]
[PlyCount "61"]
[EventDate "2012.05.26"]
[EventType "team-swiss"]
[EventRounds "9"]
[EventCountry "FRA"]
[SourceTitle "EXT 2014"]
[Source "ChessBase"]
[SourceDate "2013.11.20"]
[SourceVersion "1"]
[SourceVersionDate "2013.11.20"]
[SourceQuality "1"]

1. e4 e5 2. d4 Nc6 3. d5 Nce7 4. Nc3 Nf6 5. Nf3 Ng6 6. Bd3 Bb4 7. Bg5 Bxc3+ 8. bxc3 0-0 9. 0-0 d6 10. Rb1 c6 11. c4 h6 12. Bxf6 Qxf6 13. Re1 Bg4 14. Rxb7 c5 15. h3 Bxf3 16. Qxf3 Qxf3 17. gxf3 Nf4 18. Kh2 Rfb8 19. Rd7 Rb6 20. Rg1 g6 21. a4 Kf8 22. a5 Ra6 23. Rb1 Rxa5 24. Rxd6 Rc8 25. Rb7 Ra2 26. Rdd7 Nxd3 27. cxd3 Rxf2+ 28. Kg3 Rd2 29. Rxf7+ Ke8 30. Rh7 Ra8 31. Rh8# 1-0

[Event "FRA-chT U20 1112"]
[Site "France"]
[Date "2011.12.18"]
[Round "6"]
[White "Venard, Gautier"]
[Black "Poulet, Benoit"]
[Result "0-1"]
[WhiteElo "1310"]
[BlackElo "1470"]
[PlyCount "54"]
[EventDate "2011.12.03"]
[EventType "team-swiss"]
[EventRounds "7"]
[EventCountry "FRA"]
[SourceTitle "EXT 2013"]
[Source "ChessBase"]
[SourceDate "2012.11.22"]
[SourceVersion "1"]
[SourceVersionDate "2012.11.22"]
[SourceQuality "1"]

1. e4 e6 2. d4 d5 3. e5 c5 4. c3 Nc6 5. Nf3 Qb6 6. Bd3 cxd4 7. cxd4 Bd7 8. 0-0 Nxd4 9. Nxd4 Qxd4 10. Nc3 a6 11. Kh1 Ne7 12. f4 Nc6 13. Qe2 Bc5 14. Rd1 Ba7 15. Bxh7 Qb6 16. Bd3 0-0-0 17. a3 Rh4 18. b4 Rdh8 19. h3 Nd4 20. Qf2 Nb3 21. Qxb6 Bxb6 22. Ra2 Nxc1 23. Rxc1 Rxf4 24. Nxd5+ Bc6 25. Nxf4 Be3 26. Rf1 g5 27. Ne2 Rxh3# 0-1

[Event "FRA-chT U20 1112"]
[Site "France"]
[Date "2011.12.04"]
[Round "2"]
[White "Galloni, Marina"]
[Black "Venard, Gautier"]
[Result "1-0"]
[WhiteElo "1230"]
[BlackElo "1310"]
[PlyCount "85"]
[EventDate "2011.12.03"]
[EventType "team-swiss"]
[EventRounds "7"]
[EventCountry "FRA"]
[SourceTitle "EXT 2013"]
[Source "ChessBase"]
[SourceDate "2012.11.22"]
[SourceVersion "1"]
[SourceVersionDate "2012.11.22"]
[SourceQuality "1"]

1. e4 d5 2. e5 Bf5 3. Nc3 d4 4. Nce2 e6 5. d3 Nc6 6. Bf4 Bc5 7. Nf3 Nh6 8. Bxh6 gxh6 9. g3 Qd7 10. Bg2 0-0-0 11. 0-0 Bg4 12. Nd2 Nxe5 13. f3 Bf5 14. f4 Ng4 15. Nc4 Rhg8 16. Qd2 Ne3 17. Nxe3 dxe3 18. Qc3 e5 19. Qxe5 Bd6 20. Qxe3 b6 21. Qf3 Bc5+ 22. Kh1 c6 23. Rad1 Be6 24. d4 Bd5 25. Qc3 Bxg2+ 26. Kxg2 Qd5+ 27. Kg1 b5 28. dxc5 Qe6 29. Nd4 Qf6 30. Qb4 a5 31. Qc3 Rd7 32. Rd2 Rgd8 33. Rfd1 h5 34. Qe3 Rg8 35. c3 h4 36. Ne2 Rxd2 37. Qxd2 hxg3 38. hxg3 h5 39. Qd7+ Kb8 40. Rd6 Qh8 41. Rxc6 Rd8 42. Rb6+ Ka8 43. Qb7# 1-0